000 00582nam a2200217Ia 4500
003 OSt
005 20220928145647.0
006 a|||||r|||| 00| 0
007 ta
008 220927b |||||||| |||| 00| 0 eng d
024 _a81652
037 _cTextual
040 _aSDCL
_cSDCL
_beng
041 _2eng
_aeng
082 _aV4651,4'N6, M0
100 _aCohen Amnon
_9513837
245 0 _aPolitical parties in the West bank under the Jordanian regime 1949-1967
260 _c1980
942 _hV4651,4'N6, M0
_cTEXL
_2CC
999 _c834499
_d834499